Quiz sulle Terre Australi e Antartiche Francesi - Statistics

Statistiche generali
  • Questo quiz è stato fatto 7 volte
  • Il punteggio medio è 6 su 11
Statistiche sulle risposte
Hint Risposta % Corretto
Presidente Emmanuel Macron
100%
Lingua Ufficiale Francese
100%
Le Terre Australi e Antartiche Francesi sono una dipendenza di questo Stato Francia
100%
Oceano in cui sono situate Oceano Indiano
100%
Moneta Euro
83%
Numero di persone che vi abitano permanentemente 0
67%
Animali presenti sullo stemma Pinguino
33%
Aragosta
0%
Altro gruppo di isole scoperte un anno dopo rispetto alle Terre Australi e Antartiche Francesi Isole Kergulen
0%
I tre distretti storici delle isole formano la più grande __________ __________ di tutto lo Stato da cui dipendono Riserva naturale
0%
Altra lingua parlata (un gergo) Taafien
0%
Nessun quiz corrispondente trovato
Distribuzione punteggi
Percentuale di utenti per punteggio
Percentile per numero di risposta
I tuoi punteggi nel tempo
Non hai fatto questo quiz